Peace with horror (Record no. 28012)

MARC details
000 -LEADER
fixed length control field 00288nam a2200121Ia 4500
082 ## - DEWEY DECIMAL CLASSIFICATION NUMBER
Classification number 032
Item number BAR
100 ## - MAIN ENTRY--AUTHOR NAME
Personal name Barron, J
245 #0 - TITLE STATEMENT
Title Peace with horror
260 ## - PUBLICATION, DISTRIBUTION, ETC. (IMPRINT)
Place of publication London
Name of publisher Hodder and Stoughton
Year of publication 1977
700 ## - ADDED ENTRY--PERSONAL NAME
Personal name Paul, A
942 ## - ADDED ENTRY ELEMENTS (KOHA)
Koha item type Books
Holdings
Withdrawn status Lost status Damaged status Not for loan Home library Current library Date acquired Cost, normal purchase price Full call number Accession Number Koha item type
        RRII Library RRII Library 16/12/2021 4.95 032 BAR 08627 Books